000 00320nam a2200145Ia 4500
005 20251222143138.0
008 251222s9999||||xx |||||||||||||| ||spa||
020 _a9789397584
082 _a949.618.03/P22
100 _aPamuk, Orhan
245 0 _aEstambul
250 _a1ra.ed.
264 _bMondadori
942 _cLIB
999 _c12180
_d12180